| 000 | 00000nas 2200000za 4500 |
| 001 | 9.810424 |
| 003 | CaOODSP |
| 005 | 20221107140847 |
| 007 | cr ||||||||||| |
| 008 | 160202c20159999oncar m o||||f0 |0eng|d |
| 040 | |aCaOODSP|beng |
| 043 | |an-cn--- |
| 086 | 1 |aFA1-2E-PDF |
| 086 | 1 |aFA1-22E-PDF |
| 110 | 1 |aCanada. |bOffice of the Auditor General. |
| 245 | 10|aReports of the Commissioner of the Environment and Sustainable Development |h[electronic resource]. |
| 260 | |a[Ottawa] : |bThe Commissioner,|c[2015]- . |
| 310 | |aAnnual. |
| 500 | |aIssued also in French under title: Rapports de la commissaire à l'environnement et au développement durable. |
| 775 | 08|tRapports de la commissaire à l'environnement et au développement durable |w(CaOODSP)9.810422 |
| 776 | 0#|tReports of the Commissioner of the Environment and Sustainable Development.|w(CaOODSP)9.833495 |
| 776 | 0#|tReports of the Commissioner of the Environment and Sustainable Development.|w(CaOODSP)9.833497 |
| 780 | 00|tReport of the Commissioner of the Environment and Sustainable Development to the House of Commons. [Chapters] |w(CaOODSP)9.506251 |
| 785 | 00|tReports of the Commissioner of the Environment and Sustainable Development to the Parliament of Canada.|w(CaOODSP)9.842750 |